Score 0/11 Timer 01:30
2 Plays Today
Hint 3-Letter Word % Correct
Office neckwearTIE
97.1%
To fabricate or tell an untruthLIE
97.1%
Rodgers & Hammerstein musical '___ King and I'THE
96.8%
To help or assistAID
92.4%
Coffee-to-go necessityLID
91.5%
Timid, or type of with 'Guy' in Mario Bros. seriesSHY
83.7%
1985 Talking Heads song: '[Rung 1] ___ [Rung 11]'★ SHE ★
80.1%
Path or routeWAY
80.1%
Abbott and Costello's left-fielderWHY
77.7%
1985 Talking Heads song: '___ [Rung 7] [Rung 11]'★ AND ★
63%
1985 Talking Heads song: '[Rung 1] [Rung 7] ___'★ WAS ★
57.3%

Today's Daily Dose

Remove Ads.
Support Sporcle.
Get the best of Sporcle when you Go Orange. This ad-free experience offers more features, more stats, and more fun while also helping to support Sporcle. Thank you for becoming a member.

You're not logged in!

Compare scores with friends on all Sporcle quizzes.
OR
Log In

Show Comments

Extras

Top Quizzes Today


Score Distribution

Your Account Isn't Verified!

In order to create a playlist on Sporcle, you need to verify the email address you used during registration. Go to your Sporcle Settings to finish the process.

Report this User

Report this user for behavior that violates our Community Guidelines.

Details: